[Event "FRA-ch op-C"]
[Site "Pau"]
[Date "2012.08.22"]
[Round "8"]
[White "Gillet, Noel"]
[Black "Le Bail, Stephane"]
[Result "0-1"]
[WhiteElo "1711"]
[BlackElo "1785"]
[PlyCount "48"]
[EventDate "2012.08.14"]
[EventType "swiss"]
[EventRounds "11"]
[EventCountry "FRA"]
[SourceTitle "EXT 2014"]
[Source "ChessBase"]
[SourceDate "2013.11.20"]
[SourceVersion "1"]
[SourceVersionDate "2013.11.20"]
[SourceQuality "1"]

1. d4 d5 2. c4 e6 3. Nc3 Nf6 4. cxd5 exd5 5. Bg5 Be7 6. e3 0-0 7. Qc2 c6 8. Bd3 h6 9. Bh4 Nbd7 10. Nge2 Re8 11. 0-0 Nf8 12. f3 Nh5 13. Bxe7 Qxe7 14. e4 Nf6 15. Kh1 Be6 16. Nf4 Rac8 17. Rae1 Qb4 18. Qf2 c5 19. exd5 Bd7 20. dxc5 Qxf4 21. Be4 Nxe4 22. Nxe4 Rcd8 23. Rc1 Bb5 24. Rfe1 Rxe4 0-1

[Event "FRA-ch op-C"]
[Site "Pau"]
[Date "2012.08.17"]
[Round "4"]
[White "Gillet, Noel"]
[Black "Vernay, Gaspard"]
[Result "1/2-1/2"]
[WhiteElo "1711"]
[BlackElo "1628"]
[PlyCount "132"]
[EventDate "2012.08.14"]
[EventType "swiss"]
[EventRounds "11"]
[EventCountry "FRA"]
[SourceTitle "EXT 2014"]
[Source "ChessBase"]
[SourceDate "2013.11.20"]
[SourceVersion "1"]
[SourceVersionDate "2013.11.20"]
[SourceQuality "1"]

1. d4 d5 2. c4 c6 3. Nc3 Nf6 4. Nf3 dxc4 5. e4 b5 6. Be2 b4 7. Na4 Nxe4 8. Bxc4 e6 9. Ne5 Nd6 10. Qf3 Qf6 11. Be2 Bd7 12. Nc5 Qxf3 13. Bxf3 f6 14. Nexd7 Nxd7 15. Bxc6 Rd8 16. Nxe6 Rc8 17. d5 Ke7 18. 0-0 Ne5 19. Nd4 Kf7 20. f4 Nec4 21. Bd7 Rc5 22. Re1 Be7 23. Nc6 Bd8 24. Be6+ Ke8 25. b3 Bb6 26. Kf1 Na3 27. Bxa3 bxa3 28. Rac1 Kf8 29. Rxc5 Bxc5 30. Rc1 Be3 31. Rc3 Bxf4 32. Nxa7 g6 33. Rc7 Bxh2 34. Nc6 Bf4 35. Rd7 h5 36. Na5 h4 37. Nc4 Ne4 38. Nxa3 f5 39. Rd8+ Kg7 40. Rxh8 Kxh8 41. Nc4 Kg7 42. a4 Kf6 43. Bd7 Nd2+ 44. Nxd2 Bxd2 45. Be8 Bb4 46. Kf2 g5 47. Ke3 Ke5 48. Bf7 g4 49. Be6 f4+ 50. Ke2 g3 51. Kf3 Bd2 52. Kg4 Be1 53. Bf7 Kf6 54. Be6 Ke5 55. Bf7 Kd6 56. Bh5 Bd2 57. Kxh4 Kxd5 58. Bf3+ Kd4 59. Kg4 Kc5 60. Kf5 Kb4 61. Bd5 Kc5 62. Ke4 f3 63. Kxf3 Kxd5 64. Kxg3 Kc5 65. Kg4 Kb4 66. Kf5 Kxb3 1/2-1/2

[Event "Naujac op 15th"]
[Site "Naujac"]
[Date "2012.06.25"]
[Round "3"]
[White "Demuth, Adrien"]
[Black "Gillet, Noel"]
[Result "1-0"]
[WhiteElo "2423"]
[BlackElo "1700"]
[PlyCount "43"]
[EventDate "2012.06.24"]
[EventType "swiss"]
[EventRounds "9"]
[EventCountry "FRA"]
[SourceTitle "CBM 149 Extra"]
[Source "ChessBase"]
[SourceDate "2012.08.24"]
[SourceVersion "1"]
[SourceVersionDate "2012.08.24"]
[SourceQuality "1"]

1. d4 Nf6 2. c4 g6 3. Nc3 Bg7 4. e4 d6 5. Nf3 0-0 6. Be2 e5 7. Be3 Nc6 8. d5 Ne7 9. Nd2 Nd7 10. Rc1 f5 11. f3 Nf6 12. c5 c6 13. cxd6 Nexd5 14. exd5 cxd5 15. Nb5 b6 16. Qb3 Kh8 17. 0-0 f4 18. Bf2 Nh5 19. Qxd5 Qg5 20. Ne4 Qh6 21. Qxa8 Bf5 22. Qd5 1-0

[Event "Creon op 13th"]
[Site "Creon"]
[Date "2008.07.31"]
[Round "5"]
[White "Vervelle, Sebastien"]
[Black "Gillet, Noel"]
[Result "1-0"]
[WhiteElo "1843"]
[BlackElo "1654"]
[PlyCount "37"]
[EventDate "2008.07.28"]
[EventType "swiss"]
[EventRounds "9"]
[EventCountry "FRA"]
[SourceTitle "CBM 125 Extra"]
[Source "ChessBase"]
[SourceDate "2008.09.01"]
[SourceVersion "1"]
[SourceVersionDate "2008.09.01"]
[SourceQuality "1"]

1. e4 c5 2. Nf3 d6 3. d4 cxd4 4. Nxd4 Nf6 5. Nc3 a6 6. f3 e6 7. Be3 b5 8. Qd2 Bb7 9. g4 h6 10. h4 Nh7 11. 0-0-0 Nc6 12. g5 b4 13. Nce2 Nxd4 14. Nxd4 d5 15. g6 Bc5 16. Nxe6 Bxe3 17. Nxg7+ Kf8 18. Qxe3 Kxg7 19. gxh7 1-0

[Event "Creon op 13th"]
[Site "Creon"]
[Date "2008.07.30"]
[Round "4"]
[White "Gillet, Noel"]
[Black "Mondon, Fabrice"]
[Result "0-1"]
[WhiteElo "1654"]
[BlackElo "1988"]
[PlyCount "28"]
[EventDate "2008.07.28"]
[EventType "swiss"]
[EventRounds "9"]
[EventCountry "FRA"]
[SourceTitle "CBM 125 Extra"]
[Source "ChessBase"]
[SourceDate "2008.09.01"]
[SourceVersion "1"]
[SourceVersionDate "2008.09.01"]
[SourceQuality "1"]

1. d4 Nf6 2. Bg5 Ne4 3. Bf4 d5 4. f3 Nf6 5. Nd2 g6 6. e4 dxe4 7. Nxe4 Bg7 8. c3 0-0 9. Qd2 Nxe4 10. fxe4 e5 11. Be3 Qh4+ 12. Qf2 Qxe4 13. dxe5 Bh6 14. Ke2 Nc6 0-1